| 000 | 00381nam a2200145Ia 4500 | ||
|---|---|---|---|
| 008 | 150201s2008 xx 000 0 und d | ||
| 082 |
_a614 _bS2008G |
||
| 100 | _aGUPTA,L.C. | ||
| 245 | _aSTEP BY STEP COUNT YOUR CALORIES | ||
| 250 | _a1ST | ||
| 260 |
_bJAYPEE MEDICAL PUBLISHER _aDELHI _c2008 |
||
| 300 | _a1-316 | ||
| 650 | _aPREVENTIVE AND COMMUNITY DENTISTRY | ||
| 942 |
_2ddc _cBK |
||
| 999 |
_c4106 _d4106 |
||